BIBLIOTECA PODER JUDICIAL
Portal Judicial TDF

Revista de derecho privado y comunitario : (Registro nro. 6584)

000 -LEADER
fixed length control field 00770nam a22002057a 4500
003 - CONTROL NUMBER IDENTIFIER
control field OSt
005 - DATE AND TIME OF LATEST TRANSACTION
control field 20260227122457.0
008 - FIXED-LENGTH DATA ELEMENTS--GENERAL INFORMATION
fixed length control field 190228c xxut||p| |||| 00| 0 spa d
020 ## - INTERNATIONAL STANDARD BOOK NUMBER
International Standard Book Number 9789873048555
040 ## - CATALOGING SOURCE
Transcribing agency PJ
245 10 - TITLE STATEMENT
Title Revista de derecho privado y comunitario :
Remainder of title diez años de vigencia del Código Civil y Comercial de la Nación. Persona y Derecho de las Familias - I /
Statement of responsibility, etc Héctor Alegría, Jorge Mosset Iturraspe directores.
260 ## - PUBLICATION, DISTRIBUTION, ETC. (IMPRINT)
Place of publication, distribution, etc Santa Fé :
Name of publisher, distributor, etc Rubinzal-Culzoni,
Date of publication, distribution, etc 2025.
300 ## - PHYSICAL DESCRIPTION
Extent 640 p.
Dimensions 22 cm.
310 ## - CURRENT PUBLICATION FREQUENCY
Current publication frequency cuatrimestral
362 ## - DATES OF PUBLICATION AND/OR SEQUENTIAL DESIGNATION
Dates of publication and/or sequential designation No. 1 (2025)
650 #0 - SUBJECT ADDED ENTRY--TOPICAL TERM
9 (RLIN) 1497
Topical term or geographic name as entry element CODIGO CIVIL Y COMERCIAL
700 ## - ADDED ENTRY--PERSONAL NAME
9 (RLIN) 1076
Personal name Alegria, Héctor
Relator term director
700 ## - ADDED ENTRY--PERSONAL NAME
9 (RLIN) 528
Personal name Mosset Iturraspe, Jorge
Relator term director
942 ## - ADDED ENTRY ELEMENTS (KOHA)
Source of classification or shelving scheme
Item type Publicaciones Periódicas
Classification part 347.1(05)

No hay ítems disponibles.

12 de Octubre 789 Ushuaia - Tel:  54(02901)441571
Horario de Atención: 8.00 a 17.00 hs. 
bibliotecaush@justierradelfuego.gov.ar
koha@justierradelfuego.gov.ar
Seguinos en nuestras redes @bibliojustdf 

Con tecnología Koha